| 000 | 00722nam a2200277 4500 | ||
|---|---|---|---|
| 003 | OSt | ||
| 005 | 20260601193858.0 | ||
| 008 | 260421b1992 mx a|||| |||| 00| 0 spa d | ||
| 020 | _a8420729531 | ||
| 020 | _a8420734403 | ||
| 020 | _a9684561288 | ||
| 020 | _a9684562675 | ||
| 040 |
_aICI _bspa _cICI _erda |
||
| 041 | _aspa | ||
| 050 |
_aF1523 _bS63 1992 |
||
| 100 |
_aSoler Insa, Jordi _eautor _933319 |
||
| 245 | 1 |
_a Nicaragua _cJordi Soler insa |
|
| 264 |
_aMéxico _bRei _c1992 |
||
| 300 | _a127 páginas | ||
| 336 |
_2rdacontent _atexto |
||
| 337 |
_2rdamedia _asin medio |
||
| 338 |
_2rdacarrier _avolumen |
||
| 490 |
_aBiblioteca iberoamericana _v[no. 78] |
||
| 651 |
_aNicaragua _933320 |
||
| 942 |
_2ddc _n0 _cB |
||
| 999 |
_c22114 _d22114 |
||